University of Toronto Faculty of Law review

Bibliographic Details
Previous Title:Faculty of Law review,
Corporate Author: University of Toronto. Faculty of Law
Format: Unknown
Language:English
Published: Canad ̀: Students Law Society, Faculty of Law
Subjects:
Online Access:Acceso restringido

MARC

LEADER 00000ny a22000003n 4500
005 20110512111029.0
006 sfr p s g 0 a0
007 cr cnu---m|a|a
008 091202s cn 000 0 eng d
022 |a 0381-1638 
035 |a 3194 
040 |a SpMaUCDE  |d vLex 
080 |a 34(086)(05) 
090 |c 1745  |d 1745 
245 3 0 |a University of Toronto Faculty of Law review  |h [Recurso electrn̤ico] 
256 |a Servicio en ln̕ea 
260 |a Canad ̀:  |b Students Law Society, Faculty of Law 
310 |a Semestral 
321 |a Anual 
506 1 |a Contenido solo disponible en los productos indicados  |d vLex Global  |d vLex Global (Academic Edition, excluding Law Schools)  |d vLex Global (Academic Edition, Law Schools) 
650 0 4 |a Derecho  |x Publicaciones perid̤icas 
650 0 4 |a Law 
710 2 |a University of Toronto.  |b Faculty of Law 
740 0 |a vLex Revista (Servicios en ln̕ea) 
780 0 0 |t Faculty of Law review,  |x 0381-162X 
843 |a Electrn̤ica. Abierta 
853 |8 1  |i (year)  |j (month)  |k (day) 
856 4 0 |u http://vlex.com/source/3194  |z Acceso restringido 
942 |c REV 
999 0 4 |a Derecho  |v En ln̕ea.